| 000 | 00380pab a2200157 454500 | ||
|---|---|---|---|
| 008 | 180718b1990 xxu||||| |||| 00| 0 eng d | ||
| 100 | _aSethia, Suman | ||
| 245 | _aMicro - level planning in tribal areas | ||
| 260 | _c1990 | ||
| 300 | _a24-5 | ||
| 362 | _a16 May | ||
| 650 | _aBackward region - India - Rajasthan | ||
| 700 | _aPritam Joshi | ||
| 773 | _aYojana | ||
| 909 | _a4143 | ||
| 999 |
_c4143 _d4143 |
||